000 00405nam a22001577a 4500
020 _a9788131518618
082 _a510 DAT
100 _aKanti B. Datta
245 _aMathematical methods of science and engineering: Aided with matlab
260 _aNew Delhi
_bCengage Learning
_c2012
300 _aPV
_bill.:
650 _aMathematics
650 _aMethods (Mathematics)
650 _aMatlab
942 _cBK
999 _c13476
_d13476